Drapeaux se ressemblant - Hard - Statistiques

Statistiques générales
  • Ce quiz a été pris 262 fois
  • Le résultat moyen est 9 sur 11
Statistiques - réponses
Question Tuile Select % Correct
le Costa Rica ? Oui
95%
le Costa Rica ? Non
94%
l'Indonésie ? Non
90%
la Côte d'Ivoire ? Oui
85%
la Côte d'Ivoire ? Non
84%
l'Indonésie ? Non
80%
la Roumanie ? Oui
78%
la Roumanie ? Non
76%
l'Indonésie ? Oui
74%
la Guinée ? Oui
61%
la Guinée ? Non
59%
Aucun quiz correspondant
Distribution des résultats
% des personnes avec chaque résultat
Percentile par nombre de réponses
Votre historique - résultats
Vous n’avez pas pris ce quiz